| 000 | 00462nam a22001697a 4500 | ||
|---|---|---|---|
| 003 | SGT | ||
| 020 | _a9788183552981 | ||
| 082 | _a530,LON | ||
| 100 | _aLONEY,S.L | ||
| 245 | _aAN ELEMENTARY TREATISE ON THE DYNAMICS OF A PARTICLE AND OF RIGID BODIES | ||
| 250 | _a1ST | ||
| 260 |
_aNOIDA _bG.K PUBLISHERS _c2015 |
||
| 300 | _a383 | ||
| 650 | _aPHYSICS | ||
| 653 | _aMOTION IN A STRAIGHT LINE, UNIPLANAR MONTION REFERRED TO POLAR COORDINATES | ||
| 942 |
_2ddc _cFPS |
||
| 999 |
_c9342 _d9342 |
||